| 000 | 01193nam a2200277Ia 4500 | ||
|---|---|---|---|
| 999 |
_c4898 _d4898 |
||
| 003 | OSt | ||
| 005 | 20200415184542.0 | ||
| 008 | 191128s2001 ck gr 000 0 spa d | ||
| 040 |
_aCO-JMCR _cCO-JMCR |
||
| 041 | 0 | _aspa | |
| 082 | 0 | 4 |
_a323.4 / _bC171d _223 |
| 100 | 1 |
_aCarbonell, Miguel, _eautor _93099 |
|
| 245 | 1 | 4 |
_aLos derechos humanos en la actualidad : _buna visión desde México / _cMiguel Carbonell |
| 250 | _aPrimera edición | ||
| 260 |
_aBogotá : _bUniversidad Externado de Colombia. Instituto de Estudios Constitucionales Carlos Restrepo Piedrahita, _c2001 |
||
| 300 |
_a85 páginas ; _c22 cm. |
||
| 490 | 0 |
_aTemas de derecho público ; _v65 |
|
| 504 | _aBibliografía: páginas 75-85 | ||
| 505 | 0 | _aUniversalidad, historicidad y especificación de los derechos -- Universalidad -- Historicidad -- La especificación de los derechos -- Los derechos frente a la ciudadanía y la soberanía -- Sobre la ciudadanía -- Sobre la soberanía, el asilo y los refugiados | |
| 650 | 1 | 4 |
_aDerechos humanos _zMéxico _93100 |
| 650 | 1 | 4 |
_aDerechos civiles _93101 |
| 650 | 1 | 4 |
_aSoberanía _92000 |
| 650 | 1 | 4 |
_aCiudadanía _91176 |
| 650 | 1 | 4 |
_aDerechos humanos _93102 |
| 942 |
_2ddc _cBK |
||